[Event "Wch U16 Girls"]
[Site "Menorca"]
[Date "1996.??.??"]
[EventDate "?"]
[Round "5"]
[Result "1-0"]
[White "Iweta Radziewicz Rajlich"]
[Black "Alina-Iuliana Calota"]
[WhiteElo "2270"]
[BlackElo "2130"]
[PlyCount "75"]

1. d4 Nf6 2. c4 g6 3. Nc3 Bg7 4. Nf3 d6 5. e4 O-O 6. Be2 a5
7. O-O e5 8. dxe5 dxe5 9. Qxd8 Rxd8 10. Bg5 Re8 11. Nd5 Nxd5
12. cxd5 Bd7 13. Nd2 Na6 14. Rac1 b5 15. Nb3 Bf8 16. Be3 Rec8
17. a3 a4 18. Nc5 Nxc5 19. Bxc5 Bd6 20. Rc3 Kf8 21. f4 Kg7
22. g3 Rab8 23. Rfc1 Rd8 24. Bxd6 cxd6 25. b4 f5 26. fxe5 dxe5
27. Kf2 Kf6 28. Ke3 Ke7 29. Rc7 Kd6 30. R1c5 Rf8 31. Ra7 Rfc8
32. Bd3 fxe4 33. Ra6+ Ke7 34. Bxe4 Rd8 35. Bd3 Rdc8 36. Be2
Rd8 37. Ke4 Re8 38. Ra7 1-0

[Event "Groningen Open"]
[Site "Groningen NED"]
[Date "1998.12.30"]
[EventDate "?"]
[Round "10"]
[Result "0-1"]
[White "Iweta Radziewicz Rajlich"]
[Black "Sarunas Sulskis"]
[WhiteElo "2425"]
[BlackElo "2555"]
[PlyCount "64"]

1. d4 Nf6 2. Nf3 c5 3. e3 g6 4. b3 Bg7 5. Bb2 cxd4 6. exd4 d5
7. Nbd2 O-O 8. Bd3 Nc6 9. a3 Bg4 10. O-O Rc8 11. h3 Bf5
12. Bxf5 gxf5 13. Ne5 Ne4 14. Nxe4 fxe4 15. f4 f5 16. Qd2 e6
17. a4 Bxe5 18. fxe5 Kh8 19. Qh6 Qd7 20. c4 Rf7 21. Rad1 Rg8
22. Kh1 Rg3 23. Bc1 Rfg7 24. Rf2 Ne7 25. Rb2 dxc4 26. bxc4
Qxa4 27. Qh5 e3 28. Re1 Qxc4 29. Qe8+ Ng8 30. Qd8 f4 31. Kh2
Qc3 32. Rf1 Rxh3+ 0-1

[Event "ch-Pol u20"]
[Site "Brzeg Dolny POL"]
[Date "2001.02.07"]
[EventDate "2001.02.07"]
[Round "1"]
[Result "0-1"]
[White "Marcin Szelag"]
[Black "Iweta Radziewicz Rajlich"]
[WhiteElo "2403"]
[BlackElo "2350"]
[PlyCount "71"]

1. e4 e6 2. d4 d5 3. Nc3 Nf6 4. e5 Nfd7 5. f4 c5 6. Nf3 Nc6
7. Be3 cxd4 8. Nxd4 Bc5 9. Qd2 O-O 10. O-O-O a6 11. g4 Nxd4
12. Bxd4 Qc7 13. h4 b5 14. h5 b4 15. Ne2 a5 16. Kb1 Ba6
17. Ng3 Bxd4 18. Qxd4 Rfc8 19. Rh2 Bxf1 20. Rxf1 Ra6 21. Re2
Rc6 22. Qd2 a4 23. Rf3 a3 24. b3 Rc3 25. Rfe3 Qb6 26. Rxc3
Rxc3 27. Rg2 Nc5 28. f5 Rxg3 29. Rxg3 Ne4 30. Qe3 Qc7 31. Qf4
Nc3+ 32. Ka1 Ne2 33. Qxb4 Qxe5+ 34. c3 Nxg3 35. Qxa3 Qxc3+
36. Kb1 0-1

[Event "ch-Pol u20"]
[Site "Brzeg Dolny POL"]
[Date "2001.02.08"]
[EventDate "2001.02.07"]
[Round "2"]
[Result "1-0"]
[White "Iweta Radziewicz Rajlich"]
[Black "Patryk Lagowski"]
[WhiteElo "2350"]
[BlackElo "2301"]
[PlyCount "75"]

1. d4 Nf6 2. Nf3 c5 3. d5 g6 4. Nc3 d6 5. e4 Bg7 6. Bb5+ Bd7
7. a4 O-O 8. O-O Na6 9. h3 Nc7 10. Re1 a6 11. Bxd7 Nxd7 12. a5
Nb5 13. Bd2 Nxc3 14. Bxc3 Bxc3 15. bxc3 Qc7 16. Qd2 Kg7 17. c4
f6 18. Qc3 Kg8 19. h4 b6 20. axb6 Qxb6 21. Reb1 Qc7 22. Rb3
Rfb8 23. Rba3 Rb6 24. h5 Qb7 25. Nd2 Nf8 26. Nb3 Qd7 27. Qg3
Rb4 28. Na5 Rab8 29. Rb3 Rxb3 30. cxb3 Kf7 31. Nc6 Ra8 32. f4
Kg7 33. Re1 e5 34. fxe5 fxe5 35. Rf1 Re8 36. Qg5 Kg8 37. h6
Qc7 38. Qf6 1-0

[Event "ch-Pol u20"]
[Site "Brzeg Dolny POL"]
[Date "2001.02.10"]
[EventDate "2001.02.07"]
[Round "4"]
[Result "1/2-1/2"]
[White "Iweta Radziewicz Rajlich"]
[Black "Stanislaw Zawadzki"]
[WhiteElo "2350"]
[BlackElo "2335"]
[PlyCount "105"]

1. Nf3 g6 2. c4 Bg7 3. d4 c5 4. e4 cxd4 5. Nxd4 Nc6 6. Be3 Nf6
7. Nc3 Ng4 8. Qxg4 Nxd4 9. Qd1 Ne6 10. Qd2 Qa5 11. Rc1 b6
12. Qd5 Rb8 13. Qxa5 bxa5 14. b3 Bd4 15. Kd2 d6 16. Bxd4 Nxd4
17. Ke3 Ne6 18. Bd3 Bb7 19. Bc2 f6 20. a3 Ba6 21. Rb1 Kf7
22. Rhc1 Rhc8 23. Bd1 f5 24. f4 fxe4 25. Nxe4 Rc7 26. Be2 Rcb7
27. Rc3 Nc5 28. Nxc5 dxc5 29. Bf3 Rb6 30. a4 Rb4 31. Be4 Bb7
32. Rd1 Bc8 33. Bc2 Be6 34. h3 R4b6 35. g4 Rd6 36. Rxd6 exd6
37. f5 gxf5 38. gxf5 Bd7 39. Kf4 Kf6 40. Be4 Re8 41. Rg3 Re5
42. Rg8 Re8 43. Rg1 Re5 44. Rd1 Bxf5 45. Rxd6+ Re6 46. Rxe6+
Bxe6 47. h4 h6 48. Bh7 Bh3 49. Ke4 Bg2+ 50. Kf4 Bh3 51. Bd3
Bd7 52. Bc2 Bc8 53. Be4 1/2-1/2

[Event "ch-Pol u20"]
[Site "Brzeg Dolny POL"]
[Date "2001.02.11"]
[EventDate "2001.02.07"]
[Round "5"]
[Result "1/2-1/2"]
[White "Marek Stryjecki"]
[Black "Iweta Radziewicz Rajlich"]
[WhiteElo "2445"]
[BlackElo "2350"]
[PlyCount "83"]

1. g3 c6 2. Nf3 d5 3. Bg2 g6 4. c4 Bg7 5. cxd5 cxd5 6. d4 Nc6
7. Nc3 e6 8. O-O Nge7 9. b3 O-O 10. Bb2 Nf5 11. e3 b6 12. Qe2
a5 13. Rfc1 Ba6 14. Qd2 Qd7 15. Na4 Rab8 16. Ne5 Nxe5 17. dxe5
Bb5 18. e4 dxe4 19. Qxd7 Bxd7 20. Bxe4 Rfd8 21. Rd1 Bf8
22. Rac1 Bxa4 23. bxa4 Bc5 24. Kg2 h5 25. h3 h4 26. g4 Ne7
27. Bc3 Kg7 28. Rb1 Rbc8 29. Be1 g5 30. f4 Bb4 31. Bxb4 axb4
32. f5 f6 33. Rxd8 Rxd8 34. Rxb4 exf5 35. gxf5 Nd5 36. Bxd5
Rxd5 37. exf6+ Kxf6 38. Rxb6+ Kf7 39. Rb5 Rd2+ 40. Kf3 Rxa2
41. Kg4 Rg2+ 42. Kh5 1/2-1/2

[Event "ch-Pol u20"]
[Site "Brzeg Dolny POL"]
[Date "2001.02.12"]
[EventDate "2001.02.07"]
[Round "6"]
[Result "1/2-1/2"]
[White "Iweta Radziewicz Rajlich"]
[Black "Adrian Wisniewski"]
[WhiteElo "2350"]
[BlackElo "2292"]
[PlyCount "81"]

1. d4 Nf6 2. Nf3 g6 3. Bf4 d6 4. e3 Bg7 5. h3 O-O 6. Be2 c5
7. Nbd2 cxd4 8. exd4 Nc6 9. c3 Qc7 10. O-O e5 11. Bh2 exd4
12. cxd4 Be6 13. Rc1 Rad8 14. Qa4 a6 15. Qa3 Qb6 16. Rfd1 Nxd4
17. Nxd4 Qxd4 18. Nc4 Qc5 19. Bxd6 Qxa3 20. Bxa3 Rxd1+
21. Rxd1 Rb8 22. Na5 Bf8 23. Bf3 Bxa3 24. bxa3 b6 25. Nc6 Re8
26. Rd6 Kg7 27. Nd4 Bxa2 28. Rxb6 Re1+ 29. Kh2 Bc4 30. Rc6 Bd3
31. Rc7 Re5 32. Ra7 Bc4 33. Nc6 Rc5 34. a4 Ne8 35. Rd7 Nf6
36. Rb7 Bd5 37. Bxd5 Nxd5 38. Ne5 Rc7 39. Rxc7 Nxc7 40. Kg3
Kf6 41. f4 1/2-1/2

[Event "ch-Pol u20"]
[Site "Brzeg Dolny POL"]
[Date "2001.02.13"]
[EventDate "2001.02.07"]
[Round "7"]
[Result "1-0"]
[White "Marcin Dziuba"]
[Black "Iweta Radziewicz Rajlich"]
[WhiteElo "2421"]
[BlackElo "2350"]
[PlyCount "69"]

1. d4 e6 2. c4 c5 3. d5 exd5 4. cxd5 d6 5. Nc3 g6 6. e4 a6
7. h3 Bg7 8. Nf3 Ne7 9. Bf4 O-O 10. a4 Re8 11. Be2 b6 12. Nd2
Bb7 13. O-O Nc8 14. Qc2 Nd7 15. Nc4 Qe7 16. Rae1 Ne5 17. Ne3
Qf8 18. Bg3 f6 19. Kh2 Bh6 20. f4 Nf7 21. Bg4 Kh8 22. Nc4 Rb8
23. Be6 Bg7 24. e5 f5 25. Bd7 Rd8 26. e6 b5 27. axb5 axb5
28. Bxc8 Rdxc8 29. Nb6 b4 30. Nxc8 bxc3 31. Nb6 cxb2 32. Nd7
Bxd5 33. Nxf8 Rxf8 34. e7 Re8 35. Qa4 1-0

[Event "ch-Pol u20"]
[Site "Brzeg Dolny POL"]
[Date "2001.02.16"]
[EventDate "2001.02.07"]
[Round "10"]
[Result "0-1"]
[White "Bartlomiej Heberla"]
[Black "Iweta Radziewicz Rajlich"]
[WhiteElo "2364"]
[BlackElo "2350"]
[PlyCount "80"]

1. Nf3 e6 2. g3 d5 3. Bg2 Nf6 4. O-O Be7 5. d3 b6 6. Nbd2 Bb7
7. e4 Nc6 8. e5 Nd7 9. Re1 g5 10. h3 h5 11. d4 g4 12. hxg4
hxg4 13. Nh2 Nxd4 14. Nxg4 Nf5 15. Nf3 c5 16. Bf4 Rg8 17. Nh6
Nxh6 18. Bxh6 Qc7 19. Qd2 O-O-O 20. Qf4 Rg6 21. Qxf7 Rxh6
22. Qxe7 d4 23. Rad1 Rdh8 24. Rd3 Qc6 25. c4 R8h7 26. Qe8+ Kc7
27. Kf1 Nxe5 28. Qxc6+ Nxc6 29. Ng5 Nb4 30. Ra3 Rh1+ 31. Bxh1
Rxh1+ 32. Ke2 Rxe1+ 33. Kxe1 Nc2+ 34. Kd2 Nxa3 35. bxa3 e5
36. Kd3 Bg2 37. g4 Kd6 38. Ne4+ Bxe4+ 39. Kxe4 Ke6 40. a4 Kf6
0-1

[Event "FSGM June"]
[Site "Budapest HUN"]
[Date "2001.06.02"]
[EventDate "2001.06.02"]
[Round "1"]
[Result "1-0"]
[White "Heikki Kallio"]
[Black "Iweta Radziewicz Rajlich"]
[WhiteElo "2410"]
[BlackElo "2345"]
[PlyCount "165"]

1. a3 Nf6 2. c4 c6 3. Nf3 d5 4. e3 e6 5. Be2 Nbd7 6. cxd5 exd5
7. b4 Bd6 8. Bb2 Qe7 9. O-O O-O 10. Qc2 Ne5 11. Nxe5 Bxe5
12. Bxe5 Qxe5 13. d4 Qd6 14. Nd2 Bg4 15. Bd3 Bh5 16. Qc5 Qe6
17. Rfe1 Bg6 18. Bf1 Nd7 19. Qc3 Qd6 20. a4 b6 21. Nb3 Rac8
22. Rec1 Bf5 23. a5 Nf6 24. axb6 axb6 25. Ra6 Ne4 26. Qe1 Qd8
27. Nd2 Nd6 28. Be2 Bd7 29. Bd3 Ra8 30. Rca1 Rxa6 31. Rxa6 Qc7
32. Nf3 Bc8 33. Ra1 Bf5 34. Bxf5 Nxf5 35. Qc3 Qb7 36. Ne5 Ne7
37. Qa3 f6 38. Nd3 Rc8 39. g3 Nf5 40. Nf4 g5 41. Ne2 Nd6
42. Kg2 Nb5 43. Qd3 Qe7 44. g4 Rf8 45. Rc1 Qd7 46. Ng3 Nd6
47. Qc2 Nc4 48. Qe2 Nd6 49. Qc2 Nc4 50. Ra1 Qxg4 51. Ra7 f5
52. h3 Qh4 53. Nxf5 Qh5 54. Ng3 Qf3+ 55. Kg1 Rf7 56. Rxf7 Qxf7
57. Qa4 Qg6 58. Qa8+ Kg7 59. Qb7+ Kh6 60. Qd7 Nd2 61. Qg4 Qf6
62. Kg2 Kg6 63. h4 h6 64. h5+ Kh7 65. Qd7+ Kh8 66. Nf5 b5
67. Qe8+ Kh7 68. Qe7+ Qxe7 69. Nxe7 Ne4 70. Nxc6 Kg7 71. f3
Nf6 72. Na7 Kf7 73. Nxb5 Ke7 74. Nc3 Ke6 75. b5 Nxh5 76. b6
Nf6 77. e4 dxe4 78. Nxe4 Nd7 79. Nc5+ Kd6 80. Nxd7 Kxd7 81. d5
h5 82. Kh3 Kc8 83. d6 1-0

[Event "FSGM June"]
[Site "Budapest HUN"]
[Date "2001.06.03"]
[EventDate "2001.06.02"]
[Round "2"]
[Result "0-1"]
[White "Iweta Radziewicz Rajlich"]
[Black "Hoang Thanh Trang"]
[WhiteElo "2345"]
[BlackElo "2465"]
[PlyCount "81"]

1. e4 e6 2. d4 d5 3. Nd2 Nf6 4. e5 Nfd7 5. Bd3 c5 6. c3 Nc6
7. Ne2 cxd4 8. cxd4 Qb6 9. Nb3 a5 10. a4 Bb4+ 11. Kf1 Nf8
12. Be3 Bd7 13. Nc3 Be7 14. Nb5 Nb4 15. Be2 Ng6 16. g3 O-O
17. Kg2 f6 18. h4 Bc6 19. exf6 Bxf6 20. Kh2 Ne7 21. Bg4 Nf5
22. Nc5 Nxe3 23. fxe3 e5 24. Ne6 Rf7 25. Rf1 Re7 26. dxe5 Bxe5
27. Nbd4 Bd7 28. Qf3 Bf6 29. Ng5 Bxg4 30. Qxg4 Bxd4 31. exd4
h6 32. Nh3 Nc2 33. Rac1 Ne3 34. Rc8+ Kh7 35. Ng5+ hxg5
36. Qh5+ Qh6 37. Qxh6+ Kxh6 38. Rxa8 Nxf1+ 39. Kg1 Nxg3
40. hxg5+ Kxg5 41. Rxa5 0-1

[Event "FSGM June"]
[Site "Budapest HUN"]
[Date "2001.06.04"]
[EventDate "2001.06.02"]
[Round "3"]
[Result "1/2-1/2"]
[White "Adam Szieberth"]
[Black "Iweta Radziewicz Rajlich"]
[WhiteElo "2389"]
[BlackElo "2345"]
[PlyCount "40"]

1. e4 e6 2. d4 d5 3. Nc3 Bb4 4. e5 c5 5. a3 Ba5 6. Qg4 Ne7
7. dxc5 Bxc3+ 8. bxc3 Qc7 9. Nf3 Nd7 10. Bd3 Nxc5 11. O-O Ng6
12. a4 Bd7 13. Ba3 b6 14. Rfe1 Rc8 15. h4 h5 16. Qg5 Rh6
17. Nd4 Kf8 18. Bxg6 Rxg6 19. Qxh5 Kg8 20. Nf3 Rh6 1/2-1/2

[Event "FSGM June"]
[Site "Budapest HUN"]
[Date "2001.06.05"]
[EventDate "2001.06.02"]
[Round "4"]
[Result "0-1"]
[White "Iweta Radziewicz Rajlich"]
[Black "Goran A Kosanovic"]
[WhiteElo "2345"]
[BlackElo "2437"]
[PlyCount "164"]

1. d4 c5 2. d5 e5 3. e4 d6 4. Nc3 Be7 5. Nf3 Bg4 6. Be2 Bxf3
7. Bxf3 Bg5 8. Bxg5 Qxg5 9. Qe2 a6 10. a4 Qd8 11. O-O Nf6
12. a5 Nbd7 13. Bg4 Nxg4 14. Qxg4 O-O 15. Ra3 g6 16. Nd1 h5
17. Qe2 Nf6 18. b3 Qe7 19. Nb2 Nd7 20. Nc4 f5 21. exf5 Rxf5
22. Raa1 Raf8 23. Rae1 Kg7 24. Qd2 R8f7 25. Re3 Qf8 26. Rg3
Nf6 27. Re3 Rf4 28. f3 h4 29. Rd1 Rd4 30. Rd3 h3 31. Rxd4 cxd4
32. c3 dxc3 33. Qxc3 hxg2 34. Kxg2 Nh5 35. Rf1 Qe7 36. Kh1 Nf4
37. Qb4 Rf6 38. Ne3 Qf7 39. Qe4 Nh5 40. Qg4 Rf4 41. Qh3 Rb4
42. Rg1 Kh7 43. Rb1 Rd4 44. Re1 Rd3 45. b4 Kg7 46. Rg1 Rxe3
47. Qxh5 Qxf3+ 48. Qxf3 Rxf3 49. Rc1 e4 50. Kg2 Rf4 51. Rc7+
Rf7 52. Rc4 Re7 53. Kf2 Kf6 54. Ke3 Kf5 55. h4 Re5 56. Rc8
Rxd5 57. Rf8+ Ke6 58. Rg8 Kf7 59. Rh8 Rh5 60. Rb8 Rb5 61. Kxe4
Rxb4+ 62. Kd5 Ke7 63. Rh8 Rb5+ 64. Kc4 Kd7 65. Rg8 Rxa5
66. Rxg6 Ra4+ 67. Kd5 Rxh4 68. Rg7+ Kc8 69. Kxd6 Rh6+ 70. Kc5
Rc6+ 71. Kb4 Kb8 72. Rf7 Ka7 73. Rh7 Kb6 74. Rh4 a5+ 75. Kb3
Kb5 76. Rg4 b6 77. Rh4 Rc5 78. Ka3 Rc3+ 79. Kb2 Rc4 80. Rh6 a4
81. Rg6 Ka5 82. Ka3 Rc3+ 0-1

[Event "FSGM June"]
[Site "Budapest HUN"]
[Date "2001.06.06"]
[EventDate "2001.06.02"]
[Round "5"]
[Result "1-0"]
[White "Gadir Guseinov"]
[Black "Iweta Radziewicz Rajlich"]
[WhiteElo "2456"]
[BlackElo "2345"]
[PlyCount "49"]

1. e4 e6 2. Nf3 d5 3. Nc3 Nc6 4. Bb5 Nf6 5. e5 Ne4 6. Qe2 Nxc3
7. dxc3 Bd7 8. Bg5 Be7 9. h4 h6 10. Bf4 Na5 11. b4 Nc6 12. Bd3
a5 13. b5 Na7 14. Rh3 c5 15. c4 a4 16. Rb1 Nc8 17. Rg3 g5
18. Bd2 gxh4 19. Rg7 Nb6 20. Bg6 fxg6 21. Qd3 Bc8 22. Qxg6+
Kd7 23. cxd5 Nxd5 24. c4 Rg8 25. Rxg8 1-0

[Event "FSGM June"]
[Site "Budapest HUN"]
[Date "2001.06.07"]
[EventDate "2001.06.02"]
[Round "6"]
[Result "1-0"]
[White "Iweta Radziewicz Rajlich"]
[Black "Ivan Radulov"]
[WhiteElo "2345"]
[BlackElo "2390"]
[PlyCount "83"]

1. c4 c5 2. Nf3 g6 3. d4 cxd4 4. Nxd4 Bg7 5. e4 Nc6 6. Be3 Nf6
7. Nc3 Ng4 8. Qxg4 Nxd4 9. Qd1 Ne6 10. Qd2 O-O 11. Be2 b6
12. O-O Bb7 13. f3 f5 14. exf5 gxf5 15. Rad1 d6 16. Nd5 Rc8
17. Rfe1 Qe8 18. Bf1 Qf7 19. Bh6 Rce8 20. Bxg7 Nxg7 21. Qg5 e6
22. Nc3 Rd8 23. Nb5 d5 24. Nxa7 Kh8 25. Nb5 Rg8 26. Qf4 Rge8
27. Qc7 Qxc7 28. Nxc7 Re7 29. Nxd5 Bxd5 30. Rxd5 exd5 31. Rxe7
dxc4 32. Bxc4 h5 33. Kf2 f4 34. Bb5 Nf5 35. Re8+ Rxe8 36. Bxe8
h4 37. b4 Kg7 38. a4 Kf8 39. Bd7 Nd6 40. a5 bxa5 41. bxa5 Ke7
42. a6 1-0

[Event "FSGM June"]
[Site "Budapest HUN"]
[Date "2001.06.08"]
[EventDate "2001.06.02"]
[Round "7"]
[Result "0-1"]
[White "Ferenc Berkes"]
[Black "Iweta Radziewicz Rajlich"]
[WhiteElo "2393"]
[BlackElo "2345"]
[PlyCount "164"]

1. c4 g6 2. Nf3 Bg7 3. g3 c6 4. Bg2 d5 5. Qc2 e5 6. d3 Ne7
7. O-O O-O 8. Nbd2 h6 9. Rb1 a5 10. b3 Be6 11. e3 Nd7 12. Bb2
Qb8 13. Rbc1 Re8 14. Qb1 b5 15. e4 d4 16. Rc2 b4 17. a4 Nc5
18. Rcc1 Qc7 19. Rce1 g5 20. Kh1 Ng6 21. Bc1 f5 22. exf5 Bxf5
23. Ne4 Nxe4 24. dxe4 Be6 25. Rd1 Rf8 26. Ne1 Rf7 27. Qc2 Nf8
28. Qe2 Qc8 29. Nd3 Bg4 30. f3 Bh5 31. Rf2 Qe8 32. Bh3 Bg6
33. Re1 Raa7 34. Kg2 Bh7 35. Rh1 Qe7 36. Bg4 Bf6 37. Bd2 Rg7
38. Kg1 Bg6 39. Bf5 h5 40. Kg2 Ra8 41. Re1 Re8 42. Qf1 Ne6
43. Kg1 Nc5 44. Bxg6 Rxg6 45. Nxc5 Qxc5 46. Qh3 h4 47. Rg2
hxg3 48. hxg3 Kf7 49. Rh2 Qd6 50. Qf5 Qe6 51. Kf2 Qxf5
52. exf5 Rg7 53. g4 Rgg8 54. Rh7+ Rg7 55. Rh5 Rgg8 56. Reh1 e4
57. fxe4 Rxe4 58. Rh7+ Rg7 59. Kf3 Re8 60. R7h6 Rgg8 61. Bc1
c5 62. Bd2 Re7 63. Rh7+ Rg7 64. Rh8 Re8 65. Rxe8 Kxe8 66. Rh8+
Kd7 67. Ra8 Bd8 68. Ke4 Re7+ 69. Kd3 Rh7 70. Ra7+ Bc7 71. Bxg5
Rh3+ 72. Ke4 Kc6 73. Ra6+ Kb7 74. Rh6 Rg3 75. Rh4 Rxb3 76. f6
Rb1 77. Rh3 Rf1 78. Kd5 Re1 79. Bf4 Bxf4 80. Rh7+ Bc7
81. Rxc7+ Kxc7 82. g5 d3 0-1

[Event "FSGM June"]
[Site "Budapest HUN"]
[Date "2001.06.10"]
[EventDate "2001.06.02"]
[Round "9"]
[Result "1/2-1/2"]
[White "Zoltan Varga"]
[Black "Iweta Radziewicz Rajlich"]
[WhiteElo "2503"]
[BlackElo "2345"]
[PlyCount "48"]

1. e4 c5 2. Nf3 g6 3. d4 Bg7 4. d5 d6 5. h3 Nf6 6. Bd3 O-O
7. O-O Na6 8. Nbd2 Nc7 9. a4 b6 10. Re1 e5 11. c3 Nfe8 12. b4
f5 13. a5 Nf6 14. axb6 axb6 15. Rxa8 Nxa8 16. Nc4 fxe4
17. Bxe4 Nxe4 18. Rxe4 cxb4 19. cxb4 Qc7 20. Ng5 b5 21. Na3
Qb6 22. Be3 Qa6 23. Qb3 Nc7 24. Rh4 h6 1/2-1/2

[Event "FSGM June"]
[Site "Budapest HUN"]
[Date "2001.06.11"]
[EventDate "2001.06.02"]
[Round "10"]
[Result "1/2-1/2"]
[White "Iweta Radziewicz Rajlich"]
[Black "Vasik G Rajlich"]
[WhiteElo "2345"]
[BlackElo "2337"]
[PlyCount "140"]

1. d4 Nf6 2. c4 g6 3. Nc3 Bg7 4. e4 d6 5. Be2 O-O 6. Bg5 Na6
7. Nf3 e5 8. O-O h6 9. Bh4 g5 10. dxe5 dxe5 11. Bg3 Nc5
12. Nd2 Nh7 13. Nb3 Ne6 14. Nd5 c6 15. Ne3 Nf4 16. Qc2 Nxe2+
17. Qxe2 Qe7 18. Rad1 Be6 19. f3 Rfd8 20. Bf2 Nf8 21. Nf5 Qb4
22. Rc1 Nd7 23. Qc2 Bf8 24. h4 Bxf5 25. exf5 Nc5 26. hxg5 Nxb3
27. axb3 hxg5 28. f6 Qd2 29. Qe4 Qf4 30. Rfd1 Qxf6 31. g4 Qf4
32. Kg2 Qxe4 33. fxe4 b6 34. Kf3 Bc5 35. Bxc5 bxc5 36. Ke3 Rd4
37. Rxd4 cxd4+ 38. Kd3 Kg7 39. Ra1 Rh8 40. Rxa7 Rh3+ 41. Kc2
Rh2+ 42. Kc1 Re2 43. b4 Rxe4 44. b5 d3 45. bxc6 Rxc4+ 46. Kd2
e4 47. Ke3 Rxc6 48. Kxe4 d2 49. Rd7 Rc4+ 50. Kf3 Rc2 51. b4
Rb2 52. b5 Kf6 53. b6 Ke6 54. Rd8 Rb3+ 55. Kf2 Rxb6 56. Rxd2
Ke5 57. Ra2 f6 58. Ra5+ Ke4 59. Ra4+ Kd3 60. Ra3+ Kc4 61. Ra4+
Kb3 62. Ra8 Rd6 63. Rc8 Rd4 64. Kg3 Rc4 65. Rf8 Rc6 66. Kf3
Kc3 67. Rd8 Rc4 68. Rd6 Rf4+ 69. Kg3 Kc4 70. Ra6 Kd5 1/2-1/2

[Event "FSGM June"]
[Site "Budapest HUN"]
[Date "2001.06.12"]
[EventDate "2001.06.02"]
[Round "11"]
[Result "1/2-1/2"]
[White "Zhaoqin Peng"]
[Black "Iweta Radziewicz Rajlich"]
[WhiteElo "2391"]
[BlackElo "2345"]
[PlyCount "109"]

1. d4 c5 2. d5 d6 3. e4 g6 4. c4 Bg7 5. Nf3 e6 6. Nc3 Ne7
7. Be2 exd5 8. cxd5 a6 9. a4 O-O 10. O-O f5 11. Re1 h6 12. a5
Nd7 13. Bc4 fxe4 14. Nxe4 Nf5 15. Bd2 Ne5 16. Nxe5 Bxe5
17. Bc3 Nd4 18. Bd3 Qh4 19. g3 Qg4 20. Qxg4 Bxg4 21. Nd2 Bf5
22. Bxf5 Rxf5 23. f4 Bg7 24. Re7 Raf8 25. Nc4 g5 26. Nxd6 Rxd5
27. Nxb7 Nf3+ 28. Kg2 Bxc3 29. bxc3 g4 30. Ra2 c4 31. Re6 Rh5
32. h4 gxh3+ 33. Kxf3 h2 34. Rxh2 Rxh2 35. Nc5 Rf5 36. Nxa6
Rxa5 37. Nb4 h5 38. Rc6 h4 39. Rc8+ Kg7 40. Rc7+ Kf8 41. gxh4
Rh3+ 42. Ke4 Rxc3 43. Nc6 Ra4 44. Kf5 Re3 45. h5 c3 46. h6 Ra1
47. Rc8+ Re8 48. Rc7 c2 49. h7 Rh1 50. Ne5 Rxh7 51. Rxc2 Ra8
52. Rc6 Rha7 53. Rh6 Kg7 54. Rg6+ Kh7 55. Rf6 1/2-1/2

[Event "FSGM June"]
[Site "Budapest HUN"]
[Date "2001.06.13"]
[EventDate "2001.06.02"]
[Round "12"]
[Result "1-0"]
[White "Iweta Radziewicz Rajlich"]
[Black "Attila Jakab"]
[WhiteElo "2345"]
[BlackElo "2363"]
[PlyCount "53"]

1. d4 e6 2. c4 Bb4+ 3. Nc3 f5 4. Qc2 Nf6 5. a3 Bxc3+ 6. Qxc3
O-O 7. e3 b6 8. f3 d6 9. Nh3 Qe7 10. Be2 e5 11. dxe5 dxe5
12. b3 c5 13. Nf2 Nc6 14. O-O Bb7 15. Re1 Rae8 16. Bb2 Nh5
17. f4 Qh4 18. Bf3 g5 19. Bd5+ Kg7 20. fxe5 g4 21. e6+ Nf6
22. Nd3 Nd8 23. Nf4 Bc8 24. Qe5 Re7 25. Qxf5 Kg8 26. g3 Qh6
27. Qe5 1-0

[Event "FSGM June"]
[Site "Budapest HUN"]
[Date "2001.06.14"]
[EventDate "2001.06.02"]
[Round "13"]
[Result "1/2-1/2"]
[White "Marek Matlak"]
[Black "Iweta Radziewicz Rajlich"]
[WhiteElo "2172"]
[BlackElo "2345"]
[PlyCount "99"]

1. d4 Nf6 2. c4 g6 3. Nf3 Bg7 4. g3 c5 5. Bg2 Qa5+ 6. Nc3 Ne4
7. Bd2 Nxd2 8. Qxd2 d6 9. O-O Nc6 10. e3 Bg4 11. h3 Bxf3
12. Bxf3 O-O 13. Bxc6 bxc6 14. Rfd1 cxd4 15. exd4 Qf5 16. Kg2
Rab8 17. Rac1 h5 18. h4 Kh7 19. Rc2 c5 20. dxc5 dxc5 21. Qd3
Qxd3 22. Rxd3 Bxc3 23. Rdxc3 Rfd8 24. Ra3 Rb7 25. Ra5 Rc7
26. Kf3 Kg7 27. Ke3 Kf6 28. Rd2 Rxd2 29. Kxd2 Ke5 30. Ke3 Kd6
31. f3 Kc6 32. g4 hxg4 33. fxg4 Rd7 34. b3 Kb6 35. Rb5+ Kc6
36. h5 gxh5 37. gxh5 Rd8 38. b4 cxb4 39. Rxb4 e5 40. Rb1 Rh8
41. Rh1 f5 42. h6 Rh7 43. Rh5 Kc5 44. Kd3 Kd6 45. Kc3 a5
46. a3 Ke6 47. Kd3 Kd6 48. Kc3 Ke6 49. Kd3 Kd6 50. Kc3 1/2-1/2

[Event "EuChJun Girls"]
[Site "Patras GRE"]
[Date "2001.07.17"]
[EventDate "2001.07.16"]
[Round "2"]
[Result "0-1"]
[White "Alina L'Ami"]
[Black "Iweta Radziewicz Rajlich"]
[WhiteElo "2226"]
[BlackElo "2375"]
[PlyCount "126"]

1. d4 e6 2. c4 c5 3. d5 exd5 4. cxd5 d6 5. e4 g6 6. Nc3 a6
7. a4 Bg7 8. h3 Ne7 9. Bd3 O-O 10. Nf3 f5 11. O-O Nd7 12. Re1
Ne5 13. Nxe5 Bxe5 14. Bg5 f4 15. Bh6 Rf7 16. Qd2 g5 17. Bxg5
Qf8 18. Be2 Rg7 19. Bh6 Rxg2+ 20. Kxg2 Qxh6 21. Qd3 Ng6
22. Rg1 Kh8 23. Kf1 Bxh3+ 24. Ke1 f3 25. Rh1 Rf8 26. Bf1 Bxf1
27. Rxf1 Bd4 28. Kd1 Ne5 29. Qd2 Qh4 30. Kc2 Bxc3 31. Kxc3
Qxe4 32. b3 Rf4 33. Rae1 Qf5 34. Rh1 Qf6 35. Kc2 Qf5+ 36. Kc3
Qf6 37. Kc2 c4 38. Qc3 Rg4 39. Kb1 Qf5+ 40. Qc2 Qxc2+ 41. Kxc2
Rg2 42. Rxe5 dxe5 43. d6 Rxf2+ 44. Kc3 Rg2 45. bxc4 f2 46. Rf1
Rg3+ 47. Kd2 Rg4 48. c5 Rf4 49. Ke3 Kg7 50. Rxf2 Kf6 51. Rxf4+
exf4+ 52. Kxf4 a5 53. Ke4 Ke6 54. Kd4 b6 55. Kc4 bxc5 56. Kxc5
Kd7 57. Kb5 h5 58. Kxa5 h4 59. Kb6 h3 60. a5 h2 61. a6 h1=Q
62. Ka7 Qc6 63. Kb8 Qb6+ 0-1

[Event "EuChJun Girls"]
[Site "Patras GRE"]
[Date "2001.07.19"]
[EventDate "2001.07.16"]
[Round "4"]
[Result "0-1"]
[White "Anastazia Karlovich"]
[Black "Iweta Radziewicz Rajlich"]
[WhiteElo "2295"]
[BlackElo "2375"]
[PlyCount "84"]

1. e4 e6 2. d4 d5 3. Nc3 Bb4 4. Qd3 Nc6 5. e5 f6 6. exf6 Nxf6
7. Nf3 O-O 8. Bg5 Bd7 9. O-O-O Bxc3 10. Qxc3 Ne4 11. Bxd8 Nxc3
12. bxc3 Nxd8 13. c4 Bc6 14. Rd2 dxc4 15. Bxc4 Bxf3 16. gxf3
c6 17. Rd3 Rf6 18. Re3 Kf7 19. Rhe1 Rc8 20. Re5 Rc7 21. R1e3
Rf4 22. R5e4 Rf6 23. Re5 Rd7 24. c3 Rd6 25. Rh5 h6 26. Rhe5 g6
27. Kc2 Kg7 28. Kd2 Rf5 29. R5e4 c5 30. Bxe6 cxd4 31. Rxd4
Rxd4+ 32. cxd4 Nxe6 33. Rxe6 Rxf3 34. Ke2 Kf7 35. Re3 Rxe3+
36. fxe3 b5 37. e4 Ke6 38. Kd3 a5 39. a3 g5 40. a4 bxa4
41. Kc4 a3 42. Kb3 g4 0-1

[Event "EuChJun Girls"]
[Site "Patras GRE"]
[Date "2001.07.20"]
[EventDate "2001.07.16"]
[Round "5"]
[Result "1/2-1/2"]
[White "Iweta Radziewicz Rajlich"]
[Black "Ana Matnadze"]
[WhiteElo "2375"]
[BlackElo "2327"]
[PlyCount "149"]

1. d4 Nf6 2. c4 e6 3. Nc3 Bb4 4. Qc2 d5 5. cxd5 Qxd5 6. Nf3
Qf5 7. Qd1 c5 8. e3 cxd4 9. exd4 Ne4 10. Bd2 Nc6 11. Bd3 Nxc3
12. Bxc3 Bxc3+ 13. bxc3 Qa5 14. Qc2 h6 15. O-O O-O 16. Rfe1
Qc7 17. Bh7+ Kh8 18. Be4 b6 19. Bxc6 Qxc6 20. Ne5 Qc7 21. Re3
Bb7 22. Qd2 Rad8 23. Rae1 Kh7 24. Rh3 f5 25. Rg3 Be4 26. Qe2
Bd5 27. h4 b5 28. Qxb5 Bxa2 29. Ra1 Bd5 30. c4 Be4 31. f3 f4
32. Rg4 Qd6 33. Qc5 Qxc5 34. dxc5 Bf5 35. Rxf4 g5 36. Rxa7+
Kg8 37. hxg5 hxg5 38. Rxf5 Rxf5 39. Nd7 Rc8 40. Kf2 g4 41. Ke3
Rf7 42. c6 gxf3 43. gxf3 Rf5 44. Ra6 Kf7 45. f4 Ke7 46. Ne5
Kd6 47. Ra5 Rcf8 48. c5+ Kd5 49. Ra4 Rxe5+ 50. fxe5 Kxe5
51. Rd4 Rc8 52. Rd6 Kf6 53. Kd4 Ke7 54. Ke5 Rc7 55. Rxe6+ Kd8
56. Rh6 Re7+ 57. Kd5 Kc7 58. Rh1 Rg7 59. Kc4 Kxc6 60. Rh6+ Kc7
61. Kb5 Rf7 62. Ra6 Rf2 63. Ra7+ Kb8 64. Rd7 Kc8 65. Kc6 Rf6+
66. Rd6 Rf7 67. Kb5 Kc7 68. Rc6+ Kb7 69. Rb6+ Kc7 70. Ra6 Rf1
71. Ra7+ Kb8 72. Rh7 Rf6 73. c6 Rf1 74. Rb7+ Kc8 75. Rh7
1/2-1/2